MARC details
| 000 -CABECERA |
| campo de control de longitud fija |
00997nam a2200241 a 4500 |
| 001 - NÚMERO DE CONTROL |
| campo de control |
000021087 |
| 005 - FECHA Y HORA DE LA ÚLTIMA TRANSACCIÓN |
| campo de control |
20200930011230.0 |
| 008 - DATOS DE LONGITUD FIJA--INFORMACIÓN GENERAL |
| campo de control de longitud fija |
100830s2005 sp r 000 p spa d |
| 020 ## - NÚMERO INTERNACIONAL ESTÁNDAR DEL LIBRO |
| Número Internacional Estándar del Libro |
849224786x |
| 040 ## - FUENTE DE LA CATALOGACIÓN |
| Centro catalogador/agencia de origen |
DO-SdBNP |
| Lengua de catalogación |
spa |
| Centro/agencia transcriptor |
BNPHU |
| 082 ## - NÚMERO DE LA CLASIFICACIÓN DECIMAL DEWEY |
| Número de clasificación |
868.64 |
| Número de documento/Ítem |
P925c |
| 049 ## - FONDOS LOCALES (OCLC) |
| Fondos de biblioteca |
BNGR |
| 245 00 - MENCIÓN DE TÍTULO |
| Título |
Premios del Certamen "Jara Carrillo", 2003-2005 : |
| Resto del título |
obras ganadoras en las dos últimas ediciones del Certamen Internacional de Poesía y Cuento de Humor "Jara Carrillo" / |
| Mención de responsabilidad, etc. |
prólogo de Juan Carlos Suñen. |
| 260 ## - PUBLICACIÓN, DISTRIBUCIÓN, ETC. |
| Lugar de publicación, distribución, etc. |
Murcia, España : |
| Nombre del editor, distribuidor, etc. |
Ayuntamiento de Alcantarilla, |
| Fecha de publicación, distribución, etc. |
2005. |
| 300 ## - DESCRIPCIÓN FÍSICA |
| Extensión |
318 p. : |
| Otras características físicas |
retrs. ; |
| Dimensiones |
20 cm. |
| 490 1# - MENCIÓN DE SERIE |
| Mención de serie |
Premios del Certamen "Jara Carrillo" |
| Designación de volumen o secuencia |
8 |
| 500 ## - NOTA GENERAL |
| Nota general |
Incluye notas al pie de las páginas. |
| 650 #4 - PUNTO DE ACCESO ADICIONAL DE MATERIA--TÉRMINO DE MATERIA |
| Término de materia o nombre geográfico como elemento de entrada |
Autores españoles |
| Subdivisión cronológica |
SIGLO XX |
| Subdivisión general |
Biografías |
| 9 (RLIN) |
15862 |
| 650 #4 - PUNTO DE ACCESO ADICIONAL DE MATERIA--TÉRMINO DE MATERIA |
| Término de materia o nombre geográfico como elemento de entrada |
Poesía española |
| 9 (RLIN) |
631 |
| 650 #4 - PUNTO DE ACCESO ADICIONAL DE MATERIA--TÉRMINO DE MATERIA |
| Término de materia o nombre geográfico como elemento de entrada |
Literatos españolas |
| Subdivisión general |
Biografías |
| 9 (RLIN) |
44100 |
| 700 1# - PUNTO DE ACCESO ADICIONAL--NOMBRE DE PERSONA |
| Nombre de persona |
Suñen, Juan Carlos, |
| Término indicativo de función/relación |
pról. |
| 9 (RLIN) |
44101 |
| 830 #0 - PUNTO DE ACCESO ADICIONAL DE SERIE-TÍTULO UNIFORME |
| Título uniforme |
Premios del Certamen "Jara Carrillo" ; |
| Designación de volumen o secuencia |
8 |
| 9 (RLIN) |
44102 |